| 000 | 00855nam a2200241 a 4500 | ||
|---|---|---|---|
| 001 | 2605102 | ||
| 005 | 20241102121214.0 | ||
| 008 | 970429s1997 enk 001 0 eng | ||
| 020 | _a9780421524606 (pb) | ||
| 020 | _a042152460 X | ||
| 050 | 0 | 0 |
_aKD2079 _b.G68 1997 |
| 082 | 0 | 0 |
_a346.41/066 _221 |
| 100 | 1 |
_aDavies, P. L. _q(Paul Lyndon) |
|
| 245 | 1 | 0 |
_aGower's principles of modern company law / _cby Paul L. Davies with a contribution by D.D. Prentice. |
| 250 |
_a6th ed. _bInternational Student Editions |
||
| 260 |
_aLondon : _bSweet & Maxwell, _c1997. |
||
| 300 |
_ac, 867 p. ; _c24 cm. |
||
| 500 | _aincludes index | ||
| 650 | 0 |
_aCorporation law _zGreat Britain. |
|
| 700 | 1 |
_aPrentice, Daniel D. _q(Daniel David) |
|
| 700 | 1 |
_aGower, L. C. B. _q(Laurence Cecil Bartlett). _tGower's principles of modern company law. |
|
| 942 |
_2lcc _cBK _e6th Ed. _n0 |
||
| 999 |
_c555 _d555 |
||